Quiz Étoilés - Mort Subite - Statistiques

Statistiques générales
  • Ce quiz a été pris 67 fois
  • Le résultat moyen est 4 sur 20
Answers on the Grid
Answers color-coded by a green-red scale on the quiz's grid according to % correct below.
Les 11 nations autochtones du Québec
Personnages de Mortal Kombat
L'Arc de Triomphe à travers les âges par images
Rousseau... Ou Larusso ?
TOUTES les Villes Historiques de la Suisse
Membres des Beatles
La lettre décisive - Présidents français
Les Rougon-Macquart d'Émile Zola
Personnages de South Park en images
Vienne ou Vienne ?
Vinyles tournant dans un mange-disque - Chanteurs francophones
Sept collines de Rome
Échelle des Temps Géologiques
Nom des 13 nains dans "Le Hobbit".
Les pays européens les plus touchés par le tsunami de 2004
Villes françaises en grec
Taylor Swift - Choix Multiples
Où les bœufs musqués vivent-ils ?
Quel est mon format originel ?
Les plus grandes villes sur l'Autoroute du Soleil (A6-A7)
Football - Tous les surnoms de Kolo Muani
Petit Bac - Rappeurs français
Les jeux Sonic
Les Romans mettant en scène Hercule Poirot
Personnages de Neon Genesis Evangelion par images
Grenoble - Culture générale
La carrière de Tony Parker - NBA
Iles de "The World" à Dubaï - Carte
Déclinaisons - Latin
Baguettes Harry Potter
Acteurs du film Le père Noël est une ordure par images
Connaissez-vous vraiment Intouchables ?
Villes françaises avec le plus d'utilisateurs JetPunk
Les Régimes Totalitaires : l'Allemagne de Hitler.
Ingrédients pour faire des crêpes :
 
Statistiques - réponses
Réponse % Correct
Vienne ou Vienne ?
33%
Membres des Beatles
31%
Sept collines de Rome
27%
Taylor Swift - Choix Multiples
27%
Villes françaises en grec
27%
L'Arc de Triomphe à travers les âges par images
25%
TOUTES les Villes Historiques de la Suisse
25%
Échelle des Temps Géologiques
22%
Les plus grandes villes sur l'Autoroute du Soleil (A6-A7)
22%
Personnages de Mortal Kombat
22%
Personnages de South Park en images
22%
Nom des 13 nains dans "Le Hobbit".
20%
Les 11 nations autochtones du Québec
18%
Rousseau... Ou Larusso ?
18%
La lettre décisive - Présidents français
16%
Les Rougon-Macquart d'Émile Zola
16%
Où les bœufs musqués vivent-ils ?
16%
Quel est mon format originel ?
16%
Les pays européens les plus touchés par le tsunami de 2004
14%
Vinyles tournant dans un mange-disque - Chanteurs francophones
10%
Aucun quiz correspondant
Distribution des résultats
% des personnes avec chaque résultat
Percentile par nombre de réponses
Votre historique - résultats
Vous n’avez pas pris ce quiz